000 00803nac a22002537a 4500
001 BR8801761
003 BR-BrBNA
005 20240105120736.0
008 230509b bl.|||m| |||| 00| 0 por d
040 _aBR-BrBNA
_bpor
_cBiblioteca Nacional de Agricultura
072 _aC10; C20
090 _aC10 BR8801761
110 1 _aServico Nacional de Formacao Profissional Rural, Brasilia, DF (Brasil)
_99371
245 1 _aTratador de suinos. Castracao
260 3 _aBrasilia, DF (Brasil):
_c1981.
300 _a20 p.
490 _aSerie Treinamento Rural - Servico Nacional de Formacao Profissional Rural (Brazil)
_vno. 9
_x
650 _aOCUPACAO
650 _aTRABALHO
650 _aCASTRACAO
650 _aTREINAMENTO
909 _a202312
_bLúcia Elande
_c55
_dLúcia Elande
942 _2AGRIS
_n0
_cMS
999 _c281170
_d281170